<?xml version="1.0" encoding="UTF-8"?>
<record
    xmlns:xsi="http://www.w3.org/2001/XMLSchema-instance"
    xsi:schemaLocation="http://www.loc.gov/MARC21/slim http://www.loc.gov/standards/marcxml/schema/MARC21slim.xsd"
    xmlns="http://www.loc.gov/MARC21/slim">

  <leader>00701nam a2200229 a 4500</leader>
  <controlfield tag="003">OSt</controlfield>
  <controlfield tag="005">20230831124051.0</controlfield>
  <controlfield tag="007">ta</controlfield>
  <controlfield tag="008">230206s2015    mx |||||||||| 001 0 spa d</controlfield>
  <datafield tag="020" ind1=" " ind2=" ">
    <subfield code="a">9786076225011</subfield>
  </datafield>
  <datafield tag="040" ind1=" " ind2=" ">
    <subfield code="c">CHAP</subfield>
  </datafield>
  <datafield tag="082" ind1="0" ind2="0">
    <subfield code="2">22</subfield>
    <subfield code="a">005.37565</subfield>
    <subfield code="b">P94 2013</subfield>
  </datafield>
  <datafield tag="100" ind1="1" ind2=" ">
    <subfield code="9">124478</subfield>
    <subfield code="a">P&#xE9;rez Marqu&#xE9;s, Mar&#xED;a</subfield>
  </datafield>
  <datafield tag="245" ind1=" " ind2=" ">
    <subfield code="a">Access 2013 en profundidad /</subfield>
    <subfield code="c">Por Mar&#xED;a P&#xE9;rez Marqu&#xE9;s</subfield>
  </datafield>
  <datafield tag="264" ind1=" " ind2=" ">
    <subfield code="a">M&#xE9;xico :</subfield>
    <subfield code="b">Alfaomega,</subfield>
    <subfield code="c">2015</subfield>
  </datafield>
  <datafield tag="300" ind1=" " ind2=" ">
    <subfield code="a">394 p&#xE1;ginas</subfield>
    <subfield code="b">Figuras</subfield>
  </datafield>
  <datafield tag="490" ind1="1" ind2=" ">
    <subfield code="a">Computaci&#xF3;n. Bases de datos</subfield>
  </datafield>
  <datafield tag="650" ind1=" " ind2="7">
    <subfield code="9">4462</subfield>
    <subfield code="a">Almacenamiento y recuperaci&#xF3;n de la informaci&#xF3;n</subfield>
  </datafield>
  <datafield tag="650" ind1=" " ind2="7">
    <subfield code="9">413</subfield>
    <subfield code="a">Microsoft Access</subfield>
  </datafield>
  <datafield tag="830" ind1=" " ind2=" ">
    <subfield code="a">Computaci&#xF3;n.</subfield>
    <subfield code="p">Bases de datos.</subfield>
    <subfield code="9">157399</subfield>
  </datafield>
  <datafield tag="942" ind1=" " ind2=" ">
    <subfield code="c">Libro</subfield>
    <subfield code="2">ddc</subfield>
  </datafield>
  <datafield tag="999" ind1=" " ind2=" ">
    <subfield code="c">218277</subfield>
    <subfield code="d">218277</subfield>
  </datafield>
  <datafield tag="952" ind1=" " ind2=" ">
    <subfield code="0">0</subfield>
    <subfield code="1">0</subfield>
    <subfield code="2">ddc</subfield>
    <subfield code="4">0</subfield>
    <subfield code="5">2</subfield>
    <subfield code="7">0</subfield>
    <subfield code="8">GRAL</subfield>
    <subfield code="a">BC</subfield>
    <subfield code="b">BC</subfield>
    <subfield code="c">PA_GRAL</subfield>
    <subfield code="d">2023-07-25</subfield>
    <subfield code="l">0</subfield>
    <subfield code="o">005.37565 P94 2013</subfield>
    <subfield code="p">33724002574751</subfield>
    <subfield code="r">2023-07-25 00:00:00</subfield>
    <subfield code="w">2023-07-25</subfield>
    <subfield code="y">LIBRO</subfield>
  </datafield>
  <datafield tag="952" ind1=" " ind2=" ">
    <subfield code="0">0</subfield>
    <subfield code="1">0</subfield>
    <subfield code="2">ddc</subfield>
    <subfield code="4">0</subfield>
    <subfield code="5">2</subfield>
    <subfield code="7">0</subfield>
    <subfield code="8">GRAL</subfield>
    <subfield code="a">BC</subfield>
    <subfield code="b">BC</subfield>
    <subfield code="c">PA_GRAL</subfield>
    <subfield code="d">2023-07-25</subfield>
    <subfield code="l">0</subfield>
    <subfield code="o">005.37565 P94 2013</subfield>
    <subfield code="p">33724002574793</subfield>
    <subfield code="r">2023-07-25 00:00:00</subfield>
    <subfield code="t">c.2</subfield>
    <subfield code="w">2023-07-25</subfield>
    <subfield code="y">LIBRO</subfield>
  </datafield>
</record>
